000 00559nam a2200241Ia 4500
003 0100
008 130307s9999 xx 000 0 und d
020 _a0534576052
040 _cARRUPELIB
050 _aB1499.R33 2000
100 _aRadcliffe, Elizabeth
245 _aOn Hume
260 _aAustralia
260 _bWadsworth
260 _c2000
300 _a91p.
300 _b23cm
650 _aPHILOSOPHY
650 _bHistory - Field work
650 _cAfrica - History - Research
650 _dAfrica - Description and travel
942 0 0 _04
999 _c94010
_d94010